| 000 | 00499cam a2200133 4500 | ||
|---|---|---|---|
| 001 | WS125656 | ||
| 008 | 040329n 000 0 eng u | ||
| 035 | _a(Sirsi) u125656 | ||
| 110 |
_aHome Office _91239 |
||
| 245 | _aCrime statistics | ||
| 520 | _aCrime statistics for England and Wales broken down by crime type and region. | ||
| 856 | 4 | 0 |
_uhttps://www.homeoffice.gov.uk/science-research/research-statistics/crime/crime-statistics/ _zView the document free of charge at homeoffice.gov.uk |
| 942 | _n0 | ||
| 999 |
_c120435 _d120435 |
||